Classic Rock Artists - Statistics

General Stats
  • This quiz has been taken 252 times
  • The average score is 14 of 20
Answer Stats
Hint Answer % Correct
Hey Jude The Beatles
95%
Hotel California The Eagles
93%
Thunderstruck AC/DC
90%
Dream On Aerosmith
86%
Fat Bottomed Girls Queen
85%
Money Pink Floyd
82%
Pour Some Sugar On Me Def Leppard
81%
House of the Rising Son The Animals
81%
Gimme Shelter The Rolling Stones
78%
Carry On Wayward Son Kansas
76%
Sunshine of Your Love Cream
75%
Have You Ever Seen the Rain? Creedence Clearwater Revival
71%
People Are Strange The Doors
70%
Barracuda Heart
67%
When the Levee Breaks Led Zeppelin
67%
Band On the Run Paul McCartney and Wings
58%
Reelin' In the Years Steely Dan
46%
Pride and Joy Stevie Ray Vaughan
37%
Maybelline Chuck Berry
33%
Splish Splash Bobby Darin
14%
No matching quizzes found
Score Distribution
Percent of People with Each Score
Percentile by Number Answered
Your Score History
You have not taken this quiz